| 000 | 01359cem a22003254a 4500 | ||
|---|---|---|---|
| 005 | 20260322212005.0 | ||
| 007 | data | ||
| 008 | data | ||
| 010 |
_a 2007061601 _z 2006038467 _z 2006038467 |
||
| 020 | _a9781426201387 (alk. paper) | ||
| 020 | _a1426201389 (alk. paper) | ||
| 034 | 0 | _aa | |
| 040 |
_aDLC _cDLC _dCtY-D _dBTCTA _dYDXCP _dC#P _dIXA _dCtY-D |
||
| 050 | 0 | 0 |
_aG2230 _b.I8 2007 |
| 052 | _a7480 | ||
| 079 | _aocm80871649 | ||
| 082 | 0 | 0 |
_a220.9/10223 _222 |
| 092 | _a220.9 Isb 2007 | ||
| 100 | 1 | _aIsbouts, Jean-Pierre. | |
| 245 | 1 | 4 |
_aThe biblical world : _ban illustrated atlas / _cJean-Pierre Isbouts & National Geographic Society (U.S.). |
| 255 | _aScales differ. | ||
| 260 |
_aWashington, D.C. : _bNational Geographic, _cc2007. |
||
| 300 |
_a1 atlas (367 p.) : _bcol. ill., col. maps ; _c29 cm. |
||
| 504 | _aIncludes bibliographical references (p. 354-355) and index. | ||
| 505 | 0 | _aThe world before Abraham -- The journey of Abraham -- Joseph in Egypt -- The exodus -- The settlement in Canaan -- Kingdom of David and Solomon -- The fall of the two kingdoms -- From exile to restoration -- The world of Jesus -- Early Christianity and rabbinic Judaism -- Three faiths in the Holy Land. | |
| 630 | 0 | 0 |
_aBible _xGeography _vMaps. |
| 630 | 0 | 0 |
_aBible _xHistory of Biblical events _vMaps. |
| 710 | 2 | _aNational Geographic Society (U.S.) | |
| 001 | data | ||
| 999 |
_c63 _d63 |
||